00269nam a2200109Ia 4500020001500000082001900015245003400034260002400068300001300092650003800105700001600143 a8172241496 aRR 320.03 WOR- 0aWorld political encyclopaedia aBombaybJaicoc1993 avii, 490 aPolitical Science - Encyclopedias aCook, Chris